000 00795cam a2200265 a 4500
999 _c129677
_d129677
001 2345323
003 ARRUPE
005 20190603120015.0
008 830722s1982 gw 001 0 eng
010 _a 82229151
020 _a3496001860 (pbk.) :
_cDM65.00
040 _aDLC
_cDLC
_dDLC
041 0 _aenglug
043 _af-ug---
050 0 0 _aPN6519.G25
_bW34 1984
082 0 0 _a398/.9/963
_219
100 1 _aWalser, Ferdinand,
_d1891-1980.
_946586
245 1 0 _aLuganda proverbs /
_cFerdinand Walser.
260 _akampala :
_bMill Hill Missionaries,
_cc1984.
300 _aix, 510 p. ;
_c24 cm.
440 0 _aBeiträge zur Kulturanthropologie
_946587
500 _aIncludes index.
650 0 _aProverbs, Ganda.
_946588
906 _a7
_bcbc
_corignew
_d3
_encip
_f19
_gy-gencatlg
942 _2lcc
_cMONOGRAPH